Dila āpaṇā-prīta parāī; (Record no. 55928)

MARC details
000 -LEADER
fixed length control field 00618cam a22002171 4500
001 - CONTROL NUMBER
control field sa 63004921
003 - CONTROL NUMBER IDENTIFIER
control field DLC
005 - DATE AND TIME OF LATEST TRANSACTION
control field 20260227111952.0
008 - FIXED-LENGTH DATA ELEMENTS--GENERAL INFORMATION
fixed length control field 940804s1962 ii 000 1 pano
010 ## - LIBRARY OF CONGRESS CONTROL NUMBER
LC control number sa 63004921
025 ## - OVERSEAS ACQUISITION NUMBER
Overseas acquisition number PL480:I-Pu-224
035 ## - SYSTEM CONTROL NUMBER
System control number (OCoLC)30883508
040 ## - CATALOGING SOURCE
Original cataloging agency DLC
Transcribing agency CU
Modifying agency CU
-- NSyU
-- DLC
042 ## - AUTHENTICATION CODE
Authentication code premarc
050 00 - LIBRARY OF CONGRESS CALL NUMBER
Classification number PK2659.C38
Item number D5
100 1# - MAIN ENTRY--PERSONAL NAME
Personal name Cāwalā, Tejindara.
245 10 - TITLE STATEMENT
Title Dila āpaṇā-prīta parāī;
Remainder of title nāvala,
Statement of responsibility, etc. Tejindara Cāvalā.
260 ## - PUBLICATION, DISTRIBUTION, ETC.
Place of publication, distribution, etc. Ammritasara,
Name of publisher, distributor, etc. Harabhajana Siṅgha Haracarana Siṅgha
Date of publication, distribution, etc. [1962?]
300 ## - PHYSICAL DESCRIPTION
Extent 119 p.
Dimensions 16 cm.
500 ## - GENERAL NOTE
General note In Panjabi.

No items available.

Powered by Koha